Local authority social services act 1970 (Record no. 416836)

000 -LEADER
fixed length control field 00529cam a22001457a 4500
008 - FIXED-LENGTH DATA ELEMENTS--GENERAL INFORMATION
fixed length control field 180718b1971 xxu||||| |||| 00| 0 eng d
082 ## - DEWEY DECIMAL CLASSIFICATION NUMBER
Classification number Q103x42 un3 70
245 ## - TITLE STATEMENT
Title Local authority social services act 1970
Statement of responsibility, etc. by Her Majesty's
260 ## - PUBLICATION, DISTRIBUTION, ETC.
Place of publication, distribution, etc. London
Name of publisher, distributor, etc. Her Majesty's
Date of publication, distribution, etc. 1971
300 ## - PHYSICAL DESCRIPTION
Extent 22
650 ## - SUBJECT ADDED ENTRY--TOPICAL TERM
Topical term or geographic name entry element Public welfare -- Law and legislation -- Great Britain
650 ## - SUBJECT ADDED ENTRY--TOPICAL TERM
Topical term or geographic name entry element Children -- Legal status, laws, etc. -- Great Britain
650 ## - SUBJECT ADDED ENTRY--TOPICAL TERM
Topical term or geographic name entry element Social workers -- Legal status, laws, etc. -- Great Britain
700 ## - ADDED ENTRY--PERSONAL NAME
Personal name U.K.Her Majesty's
Holdings
Withdrawn status Lost status Damaged status Not for loan Permanent Location Current Location Date acquired Full call number Barcode Date last seen Price effective from Koha item type
        Indian Institute of Public Administration Indian Institute of Public Administration 2009-03-19 Q103x42 un3 70 DA4047 2018-07-21 2018-07-21 DA

Powered by Koha